logo

Bir Sreshtho Munshi Abdur Rouf Library
Jhenaidah Cadet College

ইসলাম ও কমিউনিজম / (Record no. 9738)

MARC details
000 -LEADER
fixed length control field 00666nam a2200229 a 4500
001 - CONTROL NUMBER
JCCL Control Number 9738
003 - CONTROL NUMBER IDENTIFIER
JCCL marc code BD-JhCC
005 - DATE AND TIME OF LATEST TRANSACTION
control field 20180324132131.0
008 - FIXED-LENGTH DATA ELEMENTS--GENERAL INFORMATION
fixed length control field 180324s1964 bg |||| ||a| 000 0 b d
035 ## - SYSTEM CONTROL NUMBER
system control number (BD-JhCC)9738
040 ## - CATALOGING SOURCE
Original cataloging agency BD-JhCC
Modifying agency BD-JhCC
041 ## - LANGUAGE CODE
Language code of Book ben
082 ## - DEWEY DECIMAL CLASSIFICATION NUMBER
Classification number 320.5
Author mark and Year MOS 1964
100 ## - MAIN ENTRY--PERSONAL NAME
Personal name মোস্তফা, গোলাম
245 ## - TITLE STATEMENT
Title ইসলাম ও কমিউনিজম /
Statement of responsibility, etc গোলাম মোস্তফা
260 ## - PUBLICATION, DISTRIBUTION, ETC. (IMPRINT)
Place of publication, distribution, etc ঢাকা:
Name of publisher, distributor, etc আহমদ পাবলিশিং হাউস ;
Date of publication, distribution, etc 1964.
300 ## - PHYSICAL DESCRIPTION
Pagination 170 p . :
Dimensions 18 cm.
651 ## - SUBJECT ADDED ENTRY--GEOGRAPHIC NAME
Geographic name Communism
651 ## - SUBJECT ADDED ENTRY--GEOGRAPHIC NAME
Geographic name Fascism
942 ## - ADDED ENTRY ELEMENTS (KOHA)
Source of classification or shelving scheme Dewey Decimal Classification
Koha item type Books
Holdings
Source of classification or shelving scheme Damaged status Not for loan Home library Current library Shelving location Date of accession Cost, normal purchase price Total Checkouts Full call number Barcode Date last seen Copy number Koha item type
Dewey Decimal Classification     JCC Rouf Library JCC Rouf Library General Stacks 03/24/2018 2.50   320.5 MOS 1964 12532 03/24/2018 C - 1 Books

JCC Library | Contacts | JCC Home

Last Update on 23 September 2017
Copyright @ 2017-2020 JCC Rouf Library
Rouf Library, Jhenidah Cadet College (JCC), Bangladesh